| 000 | 01258nam a2200337 i 4500 | ||
|---|---|---|---|
| 001 | BK0031990730 | ||
| 005 | 20241216123517.0 | ||
| 008 | 241003s2024 nyua 000 0aeng d | ||
| 010 | _abl2024026985 | ||
| 020 |
_a9781510782693 : HRD _c40.00 |
||
| 020 |
_a1510782699 : HRD _c40.00 _qhc. |
||
| 037 |
_bSimon & Schuster, Order Dept 100 Front st, Riverside, NJ, USA, 08075 _nSAN 200-2442 |
||
| 040 |
_aGCmBT _beng _cGCmBT _erda |
||
| 050 | 1 | 4 |
_aE914.T77 _bA3 2024 |
| 082 | 0 | 4 | _a973.933092 |
| 082 | 0 | 4 |
_aB _223/eng/20241003 |
| 092 | _a973.9330 | ||
| 100 | 1 |
_aTrump, Melania, _d1970- _eauthor. |
|
| 245 | 1 | 0 |
_aMelania. _bA Memoir |
| 264 | 1 |
_a[New York, New York] : _bSkyhorse Publishing, _c[2024] |
|
| 300 |
_avii, 184 pages : _billustrations (chiefly color) ; _c24 cm |
||
| 336 | _atext | ||
| 337 | _aunmediated | ||
| 338 | _avolume | ||
| 520 | _aA memoir of a former first lady offers a glimpse into the life of a woman who navigated several challenges in her prominent position. | ||
| 600 | 1 | 0 |
_aTrump, Melania, _d1970- |
| 650 | 0 |
_aPresidents' spouses _zUnited States _vBiography. _95704070 |
|
| 650 | 0 |
_aSlovenes _zUnited States _vBiography. _96495657 |
|
| 655 | 7 |
_aAutobiographies. _2lcgft |
|
| 942 |
_2ddc _cBOOK |
||
| 999 |
_c401466 _d401466 |
||